[Event "Capablanca vs Carlos75"]
[Site "http://www.queenalice.com/game.php?id=217638"]
[Date "2007.5.29"]
[Round "-"]
[White "Capab"]
[Black "Carlos75"]
[Result "1/2-1/2"]
[WhiteElo "1691"]
[BlackElo "2424"]

1. d4 Nf6 2. c4 e6 3. Nf3 d5 4. Nc3 c6 5. e3 Nbd7 6. Bd3 Bd6 7. O-O O-O 8. Qc2
dxc4 9. Bxc4 e5 10. Bd3 h6 11. Bd2 exd4 12. exd4 Nb6 13. Rfe1 Be6 14. Ne4 Nxe4
15. Bxe4 Qf6 16. Ne5 Rac8 17. Rac1 Rfe8 18. a3 Re7 19. b4 Bd5 20. Bh7+ Kh8 21.
Bd3 Rd8 22. f4 Be6 23. Rf1 Bc7 24. Rce1 Nd5 25. Kh1 Bb6 26. f5 Bc8 27. Qb2 Bc7
28. Ng4 Qd6 29. Rxe7 Nxe7 30. Qc1 Nd5 31. Ne5 Qf6 32. Qe1 Kg8 33. Qe4 Bb6 34.
Bc4 Re8 35. Qd3 Bc7 36. Bc3 Rd8 37. a4 Bd7 38. Bb2 Be8 39. Bxd5 cxd5 40. b5 a6
41. Rc1 Bb8 42. bxa6 bxa6 43. Qc2 Bd6 44. Re1 Rb8 45. Bc3 Rc8 46. Qd3 Bxa4 47.
Qxa6 Rxc3 48. Qxa4 Qxf5 49. Qe8+ Kh7 50. Qxf7 Qxf7 51. Nxf7 Bc7 52. Ne5 Bb6 53.
Nf3 Rd3 54. Kg1 Bxd4+ 55. Nxd4 Rxd4 56. Re6 g5 57. Kf2 Rd2+ 58. Kg3 h5 59. Rd6
Rd4 60. Kf2 Kg7 61. Ke3 Re4+ 62. Kf3 Re5 63. g3 Rf5+ 64. Ke3 g4 65. Kd4 Rf2 66.
Rxd5 Rxh2 67. Ke4 Kh6 68. Rd6+ Kh7 69. Kf4 Kg7 70. Kg5 1/2-1/2

[Event "Challenge"]
[Site "http://www.queenalice.com/game.php?id=224220"]
[Date "2007.6.13"]
[Round "-"]
[White "Capab"]
[Black "Kronista"]
[Result "1-0"]
[WhiteElo "1477"]
[BlackElo "1718"]

1. e4 e5 2. Nf3 Nc6 3. Bc4 Bc5 4. c3 Nf6 5. d4 exd4 6. cxd4 Bb4+ 7. Nc3 O-O 8.
Bg5 d6 9. O-O Bg4 10. Nd5 Bxf3 11. Qxf3 Nxd4 12. Qh3 Ne2+ 13. Kh1 h6 14. Bxf6
gxf6 15. Qxh6 1-0

[Event "AUTO-ADV-628"]
[Site "http://www.queenalice.com/game.php?id=263795"]
[Date "2007.8.30"]
[Round "1"]
[White "Capab"]
[Black "aljunior"]
[Result "0-1"]
[WhiteElo "1759"]
[BlackElo "1726"]

1. e4 e5 2. Nf3 Nc6 3. Bc4 Nf6 4. O-O d5 5. exd5 Nxd5 6. d4 Nb6 7. Bb5 Bd7 8.
dxe5 Nxe5 9. Qe2 Bd6 10. Nxe5 O-O 11. Nxd7 Nxd7 0-1

[Event "AUTO-ADV-628"]
[Site "http://www.queenalice.com/game.php?id=263796"]
[Date "2007.8.30"]
[Round "1"]
[White "aljunior"]
[Black "Capab"]
[Result "1-0"]
[WhiteElo "1743"]
[BlackElo "1735"]

1. d4 d5 2. c4 Nf6 3. Nc3 Nc6 4. Nf3 Bg4 5. e3 e6 6. Bd3 Bb4 7. O-O O-O 8. Bd2
Bxc3 9. Bxc3 Ne4 10. h3 Bh5 11. Bxe4 dxe4 12. g4 1-0

[Event "AUTO-ADV-628"]
[Site "http://www.queenalice.com/game.php?id=263798"]
[Date "2007.8.30"]
[Round "1"]
[White "lobo"]
[Black "Capab"]
[Result "1-0"]
[WhiteElo "1763"]
[BlackElo "1816"]

1. e4 c5 2. Bc4 d6 3. Qf3 Nf6 4. h3 Nc6 5. Ne2 a6 6. Nbc3 Ne5 7. Bxf7+ Kxf7 8.
Qg3 e6 9. d4 cxd4 10. Nxd4 Qb6 11. Nde2 Bd7 12. O-O Bc6 13. b3 Bxe4 14. Be3 Qc6
15. f3 Bxc2 16. Rac1 Bd3 17. Na4 Qb5 18. Nd4 Qa5 19. Rfd1 Bg6 20. Re1 Nd3 21.
Nxe6 Nxe1 22. Rxe1 Re8 23. Ng5+ Kg8 24. Qf2 h6 25. Bd2 Qf5 26. g4 Rxe1+ 27. Qxe1
Qb1 28. Qxb1 Bxb1 29. Ne6 Bxa2 30. Nb6 Bxb3 31. Nd4 Bf7 32. Bc3 Nd5 33. Nxd5
Bxd5 34. Kg2 g6 35. Ne2 Bg7 36. Bxg7 Kxg7 37. Nf4 Bc6 38. Nd3 1-0

[Event "AUTO-ADV-628"]
[Site "http://www.queenalice.com/game.php?id=263799"]
[Date "2007.8.30"]
[Round "1"]
[White "Capab"]
[Black "mlvellozo"]
[Result "0-1"]
[WhiteElo "1786"]
[BlackElo "1953"]

1. e4 e5 2. Nf3 Nc6 3. Bc4 Bc5 4. c3 Nf6 5. d4 exd4 6. cxd4 Bb4+ 7. Bd2 Qe7 8.
O-O O-O 9. e5 Ne4 10. Bxb4 Qxb4 11. Qc2 Re8 12. Bd3 Nxd4 0-1

[Event "AUTO-ADV-628"]
[Site "http://www.queenalice.com/game.php?id=263800"]
[Date "2007.8.30"]
[Round "1"]
[White "mlvellozo"]
[Black "Capab"]
[Result "1-0"]
[WhiteElo "1962"]
[BlackElo "1771"]

1. d4 d5 2. c4 Nf6 3. cxd5 Qxd5 4. Nc3 Qa5 5. e3 Nc6 6. a3 e5 7. dxe5 Nxe5 8.
Bd2 Be6 9. e4 c6 10. b4 Qc7 11. f4 Nc4 12. Bxc4 Bxc4 13. e5 Nd7 14. Qc2 1-0

[Event "Challenge"]
[Site "http://www.queenalice.com/game.php?id=267103"]
[Date "2007.9.5"]
[Round "-"]
[White "Capab"]
[Black "lobo"]
[Result "0-1"]
[WhiteElo "1852"]
[BlackElo "1743"]

1. e4 e5 2. Nf3 d5 3. exd5 e4 4. Qe2 Nf6 5. Nc3 a6 6. Nxe4 Nxe4 7. Qxe4+ Be7 8.
Bd3 Nd7 9. O-O Nf6 10. Qa4+ Bd7 11. Qb3 b5 12. Re1 O-O 13. c4 bxc4 14. Bxc4 Bc5
15. d4 Bd6 16. Ne5 Rb8 17. Qc2 Re8 18. Bg5 a5 19. Bxf6 gxf6 20. Nc6 Rxe1+ 21.
Rxe1 Bxc6 22. dxc6 Qf8 23. Bd3 Qh6 24. h3 Rd8 25. Bf5 Bf4 26. g3 Qg7 27. Re4 Bg5
28. h4 h5 29. hxg5 fxg5 30. Qc5 Qf6 31. Qe7 Qxe7 32. Rxe7 Rxd4 33. Rxc7 Rd6 0-1

[Event "Pato 1"]
[Site "http://www.queenalice.com/game.php?id=267557"]
[Date "2007.9.6"]
[Round "-"]
[White "Capab"]
[Black "Pato"]
[Result "1-0"]
[WhiteElo "1798"]
[BlackElo "2110"]

1. e4 Nc6 2. d4 e5 3. d5 Nce7 4. Nf3 Ng6 5. Bd3 Bc5 6. O-O Nf6 7. Bg5 O-O 8. Nc3
d6 9. Na4 Bb6 10. Nxb6 axb6 11. c3 h6 12. Be3 Ng4 13. Bd2 Bd7 14. Re1 Qf6 15. h3
Nf4 16. Bxf4 Qxf4 17. hxg4 Bxg4 18. Re3 g5 19. Qb3 h5 20. Nh2 Bd7 21. Rf3 Qh4
22. g3 Qh3 23. Qc4 c5 24. Bf1 Ra4 25. Qb3 1-0

[Event "Pato 2"]
[Site "http://www.queenalice.com/game.php?id=267558"]
[Date "2007.9.6"]
[Round "-"]
[White "Pato"]
[Black "Capab"]
[Result "0-1"]
[WhiteElo "2110"]
[BlackElo "1733"]

1. e4 c5 2. Nf3 d6 3. d4 cxd4 4. c3 dxc3 5. Nxc3 Nc6 6. Bc4 Nf6 7. e5 dxe5 8.
Qxd8+ Nxd8 9. Nb5 Rb8 10. Nxe5 e6 11. Nc7+ Ke7 12. b3 Nd7 13. f4 Nxe5 14. fxe5
Nc6 15. Nb5 a6 16. Ba3+ Kd8 17. O-O-O+ Bd7 18. Nd6 Nxe5 19. Be2 Kc7 20. Kb2 Bc6
21. Bf3 Nxf3 22. gxf3 Bxf3 23. Rc1+ Kd7 24. Rhf1 Bxd6 0-1

[Event "Pato 3"]
[Site "http://www.queenalice.com/game.php?id=271495"]
[Date "2007.9.14"]
[Round "-"]
[White "Capab"]
[Black "Pato"]
[Result "0-1"]
[WhiteElo "1710"]
[BlackElo "2033"]

1. e4 Nc6 2. d4 e5 3. d5 Nce7 4. Nf3 Ng6 5. Bd3 Bc5 6. Nc3 d6 7. Na4 Bb6 8. Nxb6
axb6 9. O-O h6 10. Be3 Nf6 11. c3 O-O 12. a4 Qe7 13. Re1 Nh5 14. Nd2 Nhf4 15.
Bf1 f5 0-1

[Event "Pato 4"]
[Site "http://www.queenalice.com/game.php?id=271496"]
[Date "2007.9.14"]
[Round "-"]
[White "Pato"]
[Black "Capab"]
[Result "1-0"]
[WhiteElo "2030"]
[BlackElo "1714"]

1. f4 Nc6 2. Nf3 d5 3. e3 Bg4 4. Bb5 Nf6 5. b3 e6 6. Bb2 Bc5 7. Bxc6+ bxc6 8.
O-O O-O 9. d4 Bd6 10. Nbd2 Rb8 11. Qe1 Bf5 12. c4 Bd3 13. c5 Bxf1 14. Qxf1 Be7
15. Ne5 1-0